International law and the Israeli-Palestinian conflict : (Record no. 22013)
[ view plain ]
| 000 -LEADER | |
|---|---|
| fixed length control field | 02608cam a22003135a 4500 |
| 001 - CONTROL NUMBER | |
| control field | 16294129 |
| 005 - DATE AND TIME OF LATEST TRANSACTION | |
| control field | 20201128023752.0 |
| 008 - FIXED-LENGTH DATA ELEMENTS--GENERAL INFORMATION | |
| fixed length control field | 100621s2011 enkb frb 001 0 eng d |
| 010 ## - LIBRARY OF CONGRESS CONTROL NUMBER | |
| LC control number | 2010025914 |
| 020 ## - INTERNATIONAL STANDARD BOOK NUMBER | |
| International Standard Book Number | 0415573238 (pbk.) |
| 020 ## - INTERNATIONAL STANDARD BOOK NUMBER | |
| International Standard Book Number | 9780415573238 (pbk.) |
| 040 ## - CATALOGING SOURCE | |
| Original cataloging agency | DLC |
| Transcribing agency | DLC |
| Modifying agency | EG-ScBUE |
| Language of cataloging | eng |
| 042 ## - AUTHENTICATION CODE | |
| Authentication code | pcc |
| 043 ## - GEOGRAPHIC AREA CODE | |
| Geographic area code | a-is--- |
| 082 04 - DEWEY DECIMAL CLASSIFICATION NUMBER | |
| Classification number | 341.26 |
| Item number | INT |
| Edition number | 22 |
| 245 00 - TITLE STATEMENT | |
| Title | International law and the Israeli-Palestinian conflict : |
| Remainder of title | a rights-based approach to Middle East peace / |
| Statement of responsibility, etc | edited by Susan M. Akram ... [et al.]. |
| 260 ## - PUBLICATION, DISTRIBUTION, ETC. (IMPRINT) | |
| Place of publication, distribution, etc | Oxford ; |
| -- | New York : |
| Name of publisher, distributor, etc | Routledge, |
| Date of publication, distribution, etc | 2011. |
| 300 ## - PHYSICAL DESCRIPTION | |
| Extent | vi, 342 p. : |
| Other physical details | maps ; |
| Dimensions | 24 cm. |
| 500 ## - GENERAL NOTE | |
| General note | Index : p. (p.[334]-342). |
| 504 ## - BIBLIOGRAPHY, ETC. NOTE | |
| Bibliography, etc | Bibliography : (p. [330]-333). |
| 505 0# - FORMATTED CONTENTS NOTE | |
| Formatted contents note | Myths and realities of the Palestinian refugee problem : reframing the right of return / Susan M. Akram -- United Nations Relief and Works Agency for Palestinian Refugees in the Near East (UNRWA) : protection and assistance to Palestine refugees / Scott Custer, Jr. --- Restitution and compensation for Palestinian refugees and displaced persons : principles, practical considerations, and compliance / Terry Rempel and Paul Prettitore -- Constructive ambiguities? Jerusalem, international law, and the peace process / Michael Dumper -- Legal strategies at the United Nations : a comparative look at Namibia, Western Sahara, and Palestine / Stephanie Koury -- "No security without law" : prospects for implementing a rights-based approach in Palestinian-Israeli security negotiations / Omar Dajani -- Self-determination in the Palestine context / John Quigley -- Natural resources and belligerent occupation : perspectives from international humanitarian and human rights / Iain Scobbie -- Building the rule of law in Palestine : rule of law without freedom / Feras Milhem and Jamil Salem -- One state not two? A cruel examination of the two-states-are-impossible argument for a single-state Palestine/the land of Israel / Ian Lustick -- Maximazing rights : the one-state solution to the Palestinian-Israeli conflict / George Bisharat. |
| 520 ## - SUMMARY, ETC. | |
| Summary, etc | Examines the Israeli/Palestinian conflict from a rights and international law perspective. This book covers a variety of key topics ranging from security, through legal and political frame works through to the issues of refugees and Jerusalem. |
| 650 #7 - SUBJECT ADDED ENTRY--TOPICAL TERM | |
| Topical term or geographic name as entry element | International Law. |
| Source of heading or term | BUEsh |
| 9 (RLIN) | 1137 |
| 650 #7 - SUBJECT ADDED ENTRY--TOPICAL TERM | |
| Topical term or geographic name as entry element | Arab-Israeli conflict. |
| Source of heading or term | BUEsh |
| 9 (RLIN) | 2523 |
| 651 #7 - SUBJECT ADDED ENTRY--GEOGRAPHIC NAME | |
| Geographic name | Middle East |
| Source of heading or term | BUEsh |
| 9 (RLIN) | 40413 |
| Geographic subdivision | Palestine. |
| 653 ## - INDEX TERM--UNCONTROLLED | |
| Resource For college | Law |
| Arrived date list | July2016 |
| 700 1# - ADDED ENTRY--PERSONAL NAME | |
| Personal name | Akram, Susan |
| Relator term | editor. |
| 9 (RLIN) | 40414 |
| 942 ## - ADDED ENTRY ELEMENTS (KOHA) | |
| Source of classification or shelving scheme | Dewey Decimal Classification |
| Edition | 22 |
| Call number prefix | 341.26 INT |
| Withdrawn status | Item status | Source of classification or shelving scheme | Damaged status | Not for loan | Vendor | Home library | Current library | Shelving location | Date acquired | Source of acquisition | Cost, normal purchase price | Serial Enumeration / chronology | Total Checkouts | Total Renewals | Full call number | Barcode | Date last seen | Date last borrowed | Cost, replacement price | Koha item type |
|---|---|---|---|---|---|---|---|---|---|---|---|---|---|---|---|---|---|---|---|---|
| Dewey Decimal Classification | Baccah | Central Library | Central Library | First floor | 24/07/2016 | Purchase | 500.00 | 26080 | 4 | 4 | 341.26 INT | 000032952 | 15/07/2025 | 07/05/2025 | 625.00 | Book - Borrowing |